Australian cities multiple choice: Wagga Wagga - Statistics

General Stats
  • This quiz has been taken 47 times
  • The average score is 8 of 15
Answer Stats
Question Answer % Correct
Wagga Wagga is almost exactly halfway between which two cities? Melbourne and Sydney
92%
Wagga Wagga beach is on the bank of which river? Murrumbidgee
83%
Wagga Wagga is in which region of NSW? Riverina
83%
At the ticket window in the botanic gardens you can buy a ticket for... The miniature railway
75%
In the 1860s, how did Arthur Orton, a bankrupt butcher from Wagga Wagga, cause an international sensation? He claimed to be missing nobleman Roger Tichborne
67%
The largest Aboriginal group in New South Wales, which people are indigenous to the region that includes Wagga Wagga? Wiradjuri
67%
Arriving in 1829, who was the first explorer to arrive in the area now known as Wagga Wagga? Charles Sturt
58%
The Wagga Wagga Art Gallery houses which national collection? National Art Glass Collection
58%
What is the 'Wagga Effect'? The disproportionally high number of elite athletes who come from regional cities
58%
Which person from Wagga Wagga is pictured on the Australian $10 note? Poet Mary Gilmore
50%
How did Wagga Wagga find its way into a Harry Potter book? Gilderoy Lockhart claimed to have defeated the Wagga Wagga Werewolf
42%
What was stolen from the local museum? A bullet fired by bushranger Mad Dog Morgan
33%
What iconic food made its debut at the Wagga Wagga Agricultural Show? Chiko Rolls
33%
Which industry is the largest employer in Wagga Wagga? Health care and social assistance
25%
Wagga Wagga blacksmith August Augustus Menneke was famous for making what? bells
17%
No matching quizzes found
Score Distribution
Percent of People with Each Score
Percentile by Number Answered
Your Score History
You have not taken this quiz